Lectures on the many-body problem /

Bibliographic Details
Corporate Authors: International Spring School of Physics (University of Naples), Societa italiana di fiscia, Università di Napoli
Other Authors: Caianiello, E. R. (Eduardo Renato), 1921-1993
Format: Conference Proceeding Book
Language:English
Published: New York : Academic Press, 1962-64.
Subjects:

MARC

Tag First Indicator Second Indicator Subfields
LEADER 00000cam a2200000 4500
001 in00000041081
005 20151007070626.0
008 750418m19621964nyua b 00000 eng u
010 |a  62021140  
035 |a (OCoLC)01286845 
035 |9 AAE4379AM 
040 |c GAT  |d TXA  |d UtOrBLW 
049 |a TXAM  |v 1 [355383]  |v 2 [411100] 
050 0 0 |a QC174.5  |b .I55 
082 0 |a 530.1 
092 |a 530.1  |b I611, 1962-64 
111 2 |a International Spring School of Physics  |c (University of Naples) 
245 1 0 |a Lectures on the many-body problem /  |c Edited by E. R. Caianiello. 
264 1 |a New York :  |b Academic Press,  |c 1962-64. 
300 |a 2 volumes :  |b diagrams ;  |c 24 cm. 
336 |a text  |b txt  |2 rdacontent 
337 |a unmediated  |b n  |2 rdamedia 
338 |a volume  |b nc  |2 rdacarrier 
500 |a Sponsored by the Italian Physical Society. 
500 |a Lectures in volume 1 delivered at the 2d School, volume 2 at the 5th School. 
504 |a Includes bibliographies. 
650 0 |a Many-body problem. 
700 1 |a Caianiello, E. R.  |q (Eduardo Renato),  |d 1921-1993. 
710 2 |a Societa italiana di fiscia. 
710 2 |a Università di Napoli. 
740 4 |a The many-body problem. 
999 |a MARS 
999 f f |s d50a89a0-8af6-3e87-ade6-aa67d33e8a0c  |i 461ec450-76c8-3e8c-8136-37059e363a6c  |t 0 
952 f f |p ric  |a Texas A&M University  |b Rellis Campus  |c Joint Library Facility  |s JLF  |d Remote Storage  |t 0  |e QC174.5 I55  |h Library of Congress classification  |i unmediated -- volume  |k v.1  |m A14800908491 
952 f f |p ric  |a Texas A&M University  |b Rellis Campus  |c Joint Library Facility  |s JLF  |d Remote Storage  |t 0  |e QC174.5 I55  |h Library of Congress classification  |i unmediated -- volume  |k v.2  |m A14800908506 
998 f f |a QC174.5 I55  |s v.1-v.2  |t 0  |l Remote Storage